<?xml version="1.0" encoding="UTF-8"?>
<marc:record xmlns:marc="http://www.loc.gov/MARC21/slim">
   <marc:leader>00000nam a2200000 a 4500</marc:leader>
   <marc:datafield ind1="1" ind2=" " tag="100">
      <marc:subfield code="a">Stone, Rex</marc:subfield>
      <marc:subfield code="4">aut</marc:subfield>
      <marc:subfield code="e">Verfasser/-in</marc:subfield>
   </marc:datafield>
   <marc:datafield ind1="0" ind2="0" tag="245">
      <marc:subfield code="a">Das geheime Dinoversum</marc:subfield>
   </marc:datafield>
   <marc:datafield ind1="0" ind2="0" tag="245">
      <marc:subfield code="b">Das verborgene Reich der Dinosaurier / Sammelband</marc:subfield>
   </marc:datafield>
   <marc:datafield ind1="0" ind2="0" tag="245">
      <marc:subfield code="c">Stone, Rex</marc:subfield>
   </marc:datafield>
   <marc:datafield ind1=" " ind2="1" tag="264">
      <marc:subfield code="a">Bindlach</marc:subfield>
      <marc:subfield code="b">Loewe</marc:subfield>
      <marc:subfield code="c">2012</marc:subfield>
   </marc:datafield>
   <marc:datafield ind1=" " ind2=" " tag="250">
      <marc:subfield code="a">1. Aufl.</marc:subfield>
   </marc:datafield>
   <marc:datafield ind1="1" ind2=" " tag="520">
      <marc:subfield code="a">Angaben aus der Verlagsmeldung &#xD;
&#xD;
 &#xD;
&#xD;
  Das verborgene Reich der Dinosaurier : Sammelband / von Rex Stone &#xD;
&#xD;
 &#xD;
Plötzlich öffnet sich vor Jan und Tim die Höhlenwand und sie stehen mitten im geheimen Dinoversum. Einer Welt voller lebendiger Dinosaurier! Und nicht alle sind so friedlich wie ihr neuer Dino-Freund Wanna. Jan und Tim laufen um ihr Leben, als ein Tyrannosaurus Jagd auf sie macht. Gefahr droht auch von der Herde Triceratops, die in Panik alles platt trampelt, was ihnen unter die Hufe gerät. Und im Sumpf müssen Jan und Tim viel riskieren, um einen kleinen Ankylosaurus zu retten. Dieser Sammelband enthält die Einzelbände: Die Attacke des Tyrannosaurus (Bd. 1) Die Flucht des Triceratops (Bd. 2) Der Kampf des Ankylosaurus (Bd. 3)</marc:subfield>
   </marc:datafield>
   <marc:datafield ind1=" " ind2=" " tag="020">
      <marc:subfield code="a">9783785576021</marc:subfield>
      <marc:subfield code="9">9783785576021</marc:subfield>
   </marc:datafield>
   <marc:datafield ind1=" " ind2=" " tag="020">
      <marc:subfield code="a">3785576021</marc:subfield>
      <marc:subfield code="9">3785576021</marc:subfield>
   </marc:datafield>
   <marc:datafield ind1=" " ind2=" " tag="041">
      <marc:subfield code="a">ger</marc:subfield>
   </marc:datafield>
   <marc:datafield ind1=" " ind2=" " tag="300">
      <marc:subfield code="b">Ill.</marc:subfield>
   </marc:datafield>
   <marc:datafield ind1=" " ind2=" " tag="338">
      <marc:subfield code="a">Band</marc:subfield>
   </marc:datafield>
   <marc:datafield ind1=" " ind2=" " tag="300">
      <marc:subfield code="a">241 S.</marc:subfield>
   </marc:datafield>
</marc:record>
